000
00314nam a2200109Ia 4500
008
171211s9999 xx 000 0 und d
245
_a
Cloud Computing Development Essentials
245
_c
Eric Frick
260
_c
2017
650
_x
INFORMATION TECHNOLOGIES
856
_u
http://down.ebook777.com/064/B06W2HXYXD.pdf
999
_c
349690
_d
349690